| 000 | 00691nam a22002297a 4500 | ||
|---|---|---|---|
| 999 |
_c6956 _d6956 |
||
| 003 | AR-CdUCM | ||
| 008 | 190319b ||||| |||| 00| 0 spa d | ||
| 040 |
_aMUNICIPALIDAD PROVINCIAL DEL CUSCO _cBIBLIOTECA MUNICIPAL DEL CUSCO |
||
| 041 | _hrus | ||
| 082 |
_a891.51 / _bD93 |
||
| 100 |
_aDostoievski, Fedor _910078 |
||
| 245 |
_aDiario de un escritor : _bselección / |
||
| 260 |
_aMadrid : _bRivadeneyra. |
||
| 300 |
_a255 páginas ; _c19 cm. |
||
| 440 |
_aColección Babel _n68 _919612 |
||
| 500 | _aDonación de la familia Nieto | ||
| 650 |
_aDiario _99183 |
||
| 650 |
_aSiglo XIX _9971 |
||
| 700 |
_aGarcía Mercadal , J. (Traductor) _919613 |
||
| 942 |
_2ddc _cLIBROS |
||
| 945 | _araen | ||